000 00459nam a2200169Ia 4500
005 20250508151109.0
008 008 250505s9999 xx 000 0 eng d
037 _aTextual
040 _aFEDL
_beng
_cFEDL
041 _aeng
_2eng
084 _a759.4, DEG
_qFEDL
245 0 _aPastels by edgar degas
260 _aBasel
_bHolbein Publishing Company Limited
_c1952
300 _a32p
942 _cTEXL
_h759.4, DEG
999 _c1327569
_d1327569